[Event "AUTO-INT-2763"]
[Site "http://www.queenalice.com/game.php?id=1234133"]
[Date "2013.11.21"]
[Round "1"]
[White "jhowrod2013"]
[Black "juany"]
[Result "0-1"]
[WhiteElo "1608"]
[BlackElo "1513"]

1. e4 c6 2. Nf3 d5 3. exd5 cxd5 4. Be2 Bf5 5. O-O e6 6. d3 Bd6 7. Nc3 a6 8. Nd4
Bg6 9. Bh5 Nf6 10. Bxg6 hxg6 11. Qf3 Nbd7 12. Bg5 Qc7 13. Rae1 O-O-O 14. g3 Rh5
15. h4 Rdh8 16. Bxf6 Nxf6 17. Qe2 Bc5 18. Nb3 Qxg3+ 0-1

[Event "AUTO-INT-2763"]
[Site "http://www.queenalice.com/game.php?id=1234134"]
[Date "2013.11.21"]
[Round "1"]
[White "juany"]
[Black "jhowrod2013"]
[Result "1-0"]
[WhiteElo "1533"]
[BlackElo "1601"]

1. e4 Nf6 2. e5 Nd5 3. c4 Nb6 4. d4 d6 5. Nf3 d5 6. Nc3 e6 7. Bd3 dxc4 8. Bxc4
Nxc4 9. Qa4+ Bd7 10. Qxc4 Be7 11. O-O O-O 12. Be3 a6 13. Rac1 b5 14. Qb3 f6 15.
Ne4 Bc6 16. Qxe6+ Kh8 17. Rxc6 Nxc6 18. Qxc6 fxe5 19. Nxe5 Bf6 20. Bg5 Bxg5 21.
Nxg5 Qxg5 22. Nf7+ 1-0

[Event "AUTO-INT-2763"]
[Site "http://www.queenalice.com/game.php?id=1234143"]
[Date "2013.11.21"]
[Round "1"]
[White "juany"]
[Black "SMB51"]
[Result "1-0"]
[WhiteElo "1453"]
[BlackElo "1853"]

1. e4 e5 2. Nf3 Nc6 3. Bc4 Nf6 4. Ng5 d5 5. exd5 Nxd5 6. Nxf7 Kxf7 7. Qf3+ Qf6
8. Bxd5+ Be6 9. Bxc6 Qxf3 10. Bxf3 c6 11. O-O Be7 12. Nc3 Rhd8 13. d3 Kg8 14.
Be3 Bf6 15. Ne4 Be7 16. Rfe1 Bb4 17. Re2 Rd7 18. Bc5 Ba5 19. Ng5 Bf5 20. Rxe5
Bg6 21. b4 Bb6 22. Rae1 Rad8 23. Be4 Bxc5 24. Bxg6 hxg6 25. bxc5 a5 26. Re8+ 1-0

[Event "AUTO-INT-2763"]
[Site "http://www.queenalice.com/game.php?id=1234144"]
[Date "2013.11.21"]
[Round "1"]
[White "SMB51"]
[Black "juany"]
[Result "0-1"]
[WhiteElo "1856"]
[BlackElo "1483"]

1. e4 c6 2. Nf3 d5 3. e5 d4 4. Bc4 a5 5. Ng5 e6 6. Qh5 g6 7. Qf3 Qxg5 8. Qe4 Nd7
9. f4 Qf5 10. d3 Qxe4+ 11. dxe4 b5 12. Bd3 Nc5 13. O-O Nxd3 14. cxd3 c5 15. Na3
Bd7 16. Nc2 Ne7 17. Ne1 Nc6 18. a3 c4 19. h3 Bc5 20. dxc4 bxc4 21. g4 d3+ 22.
Kh2 Nd4 23. Bd2 O-O 24. Nf3 Rab8 25. Rab1 Ba4 26. Bxa5 Bc2 27. Bc7 Nxf3+ 28.
Rxf3 Bxb1 29. Bxb8 Rxb8 30. f5 Rxb2+ 0-1

[Event "Let's Play Chess!"]
[Site "http://www.queenalice.com/game.php?id=1470737"]
[Date "2017.3.28"]
[Round "-"]
[White "juany"]
[Black "charles31"]
[Result "1-0"]
[WhiteElo "1564"]
[BlackElo "1799"]

1. e4 e5 2. Nf3 d6 3. Bc4 h6 4. O-O Nc6 5. c3 Be6 6. Qb3 Bxc4 7. Qxc4 Nf6 8. d4
a6 9. dxe5 dxe5 10. Be3 b5 11. Qxc6+ Nd7 12. Rd1 Bd6 13. Nxe5 Ra7 14. Bxa7 Bxe5
15. Bc5 g6 16. Rd5 Qc8 17. Rxe5+ Kd8 18. Be7+ Ke8 19. Na3 Rh7 20. Bc5+ Kd8 21.
Rd1 f6 22. Qxf6+ 1-0

[Event "AUTO-INT-3236"]
[Site "http://www.queenalice.com/game.php?id=1470920"]
[Date "2017.3.28"]
[Round "1"]
[White "tche_elvio"]
[Black "juany"]
[Result "0-1"]
[WhiteElo "1531"]
[BlackElo "1603"]

1. d4 d5 2. c4 c6 3. Nc3 a5 4. g3 dxc4 5. Bg2 Nf6 6. e4 Bg4 7. Nf3 e6 8. O-O b5
9. e5 Nd5 10. Nxd5 cxd5 11. a3 Nc6 12. Be3 Be7 13. Qd2 O-O 14. Bg5 Bxf3 15. Bxe7
Qxe7 16. Bxf3 b4 17. axb4 axb4 18. Rxa8 Rxa8 19. h4 h6 20. Bg2 Ra2 21. f4 b3 22.
Kh2 Qb4 23. Qxb4 Nxb4 24. Kh3 Rxb2 25. f5 Ra2 26. fxe6 fxe6 0-1

[Event "AUTO-INT-3236"]
[Site "http://www.queenalice.com/game.php?id=1470921"]
[Date "2017.3.28"]
[Round "1"]
[White "juany"]
[Black "tche_elvio"]
[Result "1-0"]
[WhiteElo "1589"]
[BlackElo "1545"]

1. e4 e6 2. d4 d5 3. e5 c5 4. Nf3 Nc6 5. Bb5 Bd7 6. O-O Qb6 7. Nc3 h6 8. Be3 c4
9. b3 a6 10. Bxc6 Bxc6 11. bxc4 dxc4 12. d5 Qc7 13. dxc6 Qxc6 14. a4 Be7 15. Rb1
Rd8 16. Qe2 Bc5 17. Bxc5 Qxc5 18. Rxb7 Ne7 19. Ne4 Qa3 20. Nd6+ Kf8 21. Qxc4 g5
22. Qc7 Kg7 23. Qxe7 Qxa4 24. Qxf7# 1-0

[Event "AUTO-INT-3236"]
[Site "http://www.queenalice.com/game.php?id=1470938"]
[Date "2017.3.28"]
[Round "1"]
[White "juany"]
[Black "crapaud93600"]
[Result "1-0"]
[WhiteElo "1730"]
[BlackElo "1597"]

1. e4 e6 2. d4 d5 3. exd5 exd5 4. c4 Nf6 5. Nf3 Be6 6. Be2 Nc6 7. O-O Bd6 8. Re1
O-O 9. c5 Be7 10. Bd3 Bg4 11. h3 Bxf3 12. Qxf3 Nxd4 13. Qd1 Bxc5 14. Be3 c6 15.
Bxh7+ Nxh7 16. Bxd4 Qb6 17. Bxc5 Qxc5 18. Nc3 Rae8 19. Qb3 b5 20. Rac1 Rxe1+ 21.
Rxe1 Rd8 22. Rc1 Qd6 23. a4 Rb8 24. axb5 a6 25. Qd1 axb5 26. Ne4 Qe5 27. Nc5
Qxb2 28. Nd7 Rc8 29. Nb6 Rc7 30. Nxd5 Rd7 31. Rxc6 Nf8 32. Rc8 Qe5 33. Nf6+ Qxf6
34. Qxd7 Qa6 35. Qe8 Qd6 36. Qxb5 Kh7 37. Qc5 Qd1+ 38. Kh2 Ng6 39. f3 Kh6 40.
Rc6 f6 41. Qc1+ Qxc1 42. Rxc1 Nf4 43. g4 Ne2 44. Rc4 g5 45. Re4 Nf4 46. Kg3 Kg6
47. Rxf4 gxf4+ 48. Kxf4 Kf7 49. Kf5 Kg7 50. h4 Kf7 51. h5 Kg7 52. f4 Kf7 53. h6
Kg8 54. Kxf6 Kh7 55. Kf7 Kh8 56. g5 1-0

[Event "AUTO-INT-3236"]
[Site "http://www.queenalice.com/game.php?id=1470939"]
[Date "2017.3.28"]
[Round "1"]
[White "crapaud93600"]
[Black "juany"]
[Result "0-1"]
[WhiteElo "1557"]
[BlackElo "1606"]

1. d4 d5 2. c4 c6 3. Nf3 Bg4 4. e3 Nf6 5. Nc3 e6 6. Be2 Bd6 7. cxd5 cxd5 8. Qa4+
Nc6 9. Bb5 Qc7 10. Be2 O-O 11. Nb5 Qb8 12. Nxd6 Qxd6 13. Qb3 b6 14. Bd2 Ne4 15.
Ne5 Nxd2 16. Kxd2 Bxe2 17. Kxe2 Nxe5 18. dxe5 Qxe5 19. Rad1 Rfc8 20. g3 Rc5 21.
Rd3 Rac8 22. Rhd1 Rc2+ 23. R1d2 Qh5+ 24. Ke1 Rc1+ 25. Rd1 R8c2 26. Rxc1 Qe2# 0-1

[Event "AUTO-INT-3236"]
[Site "http://www.queenalice.com/game.php?id=1470940"]
[Date "2017.3.28"]
[Round "1"]
[White "juany"]
[Black "Warprincess"]
[Result "0-1"]
[WhiteElo "1604"]
[BlackElo "1727"]

1. e4 e6 2. d4 d5 3. exd5 exd5 4. c4 Nf6 5. Bg5 Be7 6. Nf3 Be6 7. Nc3 c6 8. cxd5
Nxd5 9. Nxd5 Qa5+ 10. Qd2 Qxd2+ 11. Nxd2 Bxd5 12. Bxe7 Kxe7 13. O-O-O Re8 14.
Re1+ Kf8 15. Rxe8+ Kxe8 16. Bc4 Bxc4 17. Nxc4 Nd7 18. Nd6+ Kf8 19. Nxb7 Rb8 20.
Na5 Rb6 21. Kb1 Nf6 22. Rc1 Nd5 23. Rxc6 Rb4 0-1

[Event "AUTO-INT-3236"]
[Site "http://www.queenalice.com/game.php?id=1470941"]
[Date "2017.3.28"]
[Round "1"]
[White "Warprincess"]
[Black "juany"]
[Result "1-0"]
[WhiteElo "1715"]
[BlackElo "1616"]

1. e4 c5 2. Nf3 Nc6 3. d4 cxd4 4. Nxd4 e5 5. Nf3 Nf6 6. Nbd2 Bc5 7. a3 Ng4 8.
Nb3 Bxf2+ 9. Ke2 b6 10. h3 Ba6+ 11. Kd2 Ne3 12. Bxa6 Nxd1 13. Kxd1 O-O 14. Rf1
Bg3 15. Ke2 d5 16. exd5 Qxd5 17. Be3 Nd4+ 18. Nbxd4 exd4 19. Bxd4 Rfe8+ 20. Kd3
Qe4+ 21. Kc3 Rad8 22. Bd3 Qd5 23. b3 Rc8+ 24. Kb2 h6 25. Rad1 Qa5 26. Nd2 1-0

[Event "AUTO-ADV-3835"]
[Site "http://www.queenalice.com/game.php?id=1478448"]
[Date "2017.5.17"]
[Round "1"]
[White "juany"]
[Black "TITAN10"]
[Result "1/2-1/2"]
[WhiteElo "1726"]
[BlackElo "1775"]

1. e4 c5 2. Nf3 Nc6 3. d4 cxd4 4. Nxd4 d6 5. Bb5 Qc7 6. Nc3 e6 7. O-O a6 8.
Bxc6+ bxc6 9. Re1 e5 10. Nb3 Be6 11. Qd3 Nf6 12. Bg5 Be7 13. Rad1 Rd8 14. Qxa6
Bc8 15. Qc4 O-O 16. Re3 h6 17. Bxf6 Bxf6 18. Nd5 Qd7 19. Nxf6+ gxf6 20. Rdd3 Kh7
21. Qc3 Rg8 22. Rh3 Rg6 23. Rdg3 Rdg8 24. Qe3 Qe8 25. Rh4 Qf8 26. Na5 Bd7 27.
Nc4 Be6 28. Rxg6 Rxg6 29. Qd2 Bxc4 30. b3 Be6 31. a4 Qg8 32. Kf1 Qf8 33. a5 Qd8
34. c4 Kg7 35. c5 d5 36. exd5 Bxd5 37. g3 e4 38. Rxe4 Qc7 39. Rb4 f5 40. a6 Qa7
41. Ra4 Rg4 42. f4 Rg6 43. Qb4 Re6 44. Qb6 Re7 45. b4 Bc4+ 46. Kg2 Bb5 47. Ra2
Rd7 48. Kf2 f6 49. Kf3 Rd3+ 50. Kf2 Rd7 1/2-1/2

[Event "AUTO-ADV-3835"]
[Site "http://www.queenalice.com/game.php?id=1478449"]
[Date "2017.5.17"]
[Round "1"]
[White "TITAN10"]
[Black "juany"]
[Result "0-1"]
[WhiteElo "1732"]
[BlackElo "1709"]

1. e4 c5 2. Nf3 Nc6 3. d4 cxd4 4. Nxd4 e5 5. Nb3 Bc5 6. Nxc5 Qa5+ 7. c3 Qxc5 8.
Be3 Qe7 9. Be2 Nf6 10. f3 O-O 11. O-O b6 12. Nd2 d5 13. exd5 Nxd5 14. Bf2 Bb7
15. Re1 Nf4 16. Bg3 Qg5 17. Bxf4 Qxf4 18. Qc2 Rad8 19. Rad1 Ne7 20. g3 Qe3+ 21.
Kg2 Ng6 22. Nf1 Qg5 23. Kh1 Ne7 24. Qc1 Qh5 25. Kg1 Nf5 26. g4 Qg6 27. Kf2 Nh4
28. Qe3 f5 29. h3 fxg4 30. hxg4 Qxg4 31. Ng3 Rxd1 32. Bxd1 Bxf3 33. Bxf3 Rxf3+
0-1

[Event "AUTO-ADV-3835"]
[Site "http://www.queenalice.com/game.php?id=1478450"]
[Date "2017.5.17"]
[Round "1"]
[White "juany"]
[Black "maurice91"]
[Result "1-0"]
[WhiteElo "1685"]
[BlackElo "1883"]

1. e4 c6 2. d4 g6 3. Nc3 Bg7 4. Be3 d5 5. e5 Nh6 6. Qd2 Nf5 7. Bf4 e6 8. g4 Ne7
9. O-O-O Qc7 10. h4 h6 11. Nf3 b6 12. Bg2 Bb7 13. h5 g5 14. Bg3 Na6 15. Nh2
O-O-O 16. f4 f6 17. exf6 Bxf6 18. Rhf1 Qd7 19. Kb1 Rhf8 20. fxg5 Bxg5 21. Qe2
Nc7 22. Nf3 Ba6 23. Qe1 Bxf1 24. Qxf1 Rf7 25. Qd3 Rdf8 26. Ne5 Qe8 27. Nxf7 Rxf7
28. Re1 Bf4 29. Bh4 Rg7 30. Bh3 Ng8 31. Ne2 Kb8 32. Nxf4 Qf7 33. Ng6 Nb5 34.
Qg3+ Kb7 35. Qe5 Nc7 36. Rf1 Qd7 37. Nf8 Qf7 38. Rxf7 Rxf7 39. Nxe6 Nb5 40. Nd8+
1-0

[Event "AUTO-ADV-3835"]
[Site "http://www.queenalice.com/game.php?id=1478451"]
[Date "2017.5.17"]
[Round "1"]
[White "maurice91"]
[Black "juany"]
[Result "0-1"]
[WhiteElo "1837"]
[BlackElo "1662"]

1. d4 d5 2. Nf3 Nf6 3. Bf4 Bg4 4. e3 e6 5. Be2 c5 6. c4 cxd4 7. Nxd4 Bxe2 8.
Qxe2 Bb4+ 9. Nd2 Ne4 10. Rd1 Nxd2 11. Rxd2 Qa5 12. Nb3 Qxa2 13. O-O Qxb3 14. Rc2
Nc6 15. cxd5 Qxd5 16. Rd1 Qa5 17. Qg4 O-O 18. Bh6 Qe5 19. f4 Qf6 20. Bg5 Qg6 21.
h4 Qxc2 22. h5 Qf5 23. Qg3 f6 24. Bh6 Rf7 25. Kf2 Qxh5 26. Bxg7 Rxg7 27. Qf3
Qxf3+ 28. Kxf3 Rd8 29. Rg1 e5 30. f5 Rd2 31. e4 Nd4+ 32. Ke3 Rg3# 0-1

[Event "AUTO-ADV-3835"]
[Site "http://www.queenalice.com/game.php?id=1498814"]
[Date "2017.10.13"]
[Round "2"]
[White "miltonloviski"]
[Black "juany"]
[Result "0-1"]
[WhiteElo "1962"]
[BlackElo "1844"]

1. e4 e5 2. Nf3 Nc6 3. a3 Bc5 4. Bb5 Nf6 5. Nc3 Ng4 6. O-O O-O 7. Bxc6 dxc6 8.
d3 f5 9. h3 Nf6 10. Nxe5 fxe4 11. Bg5 Qd4 12. Bxf6 Rxf6 13. Ng4 Bxg4 14. Qxg4
Rxf2 15. Rxf2 Qxf2+ 16. Kh1 exd3 17. Qc4+ Kh8 18. Qxd3 Re8 19. Ne4 Qf5 20. Nxc5
Qxc5 21. Rf1 h6 22. c3 Qd6 23. Qf3 Qd5 24. Qg3 Qd2 25. Rf2 Re1+ 26. Kh2 Qd1 27.
Qxc7 Rh1+ 28. Kg3 Qd3+ 29. Rf3 Qg6+ 30. Kf2 Qc2+ 31. Kg3 Qg6+ 32. Kf2 Qc2+ 33.
Ke3 Re1+ 34. Kf4 Qxg2 35. Qd8+ Kh7 36. Qd3+ Kh8 37. Rg3 Qf2+ 38. Kg4 Re5 39. h4
h5+ 40. Kh3 Qf5+ 41. Qxf5 Rxf5 42. Rd3 Rf2 43. b3 b5 44. Kg3 Ra2 45. Kf4 Rxa3
46. b4 Kh7 47. Ke5 a5 48. bxa5 Rxa5 49. Kd6 Ra6 50. Kc5 g6 51. Rd7+ Kh6 52. Rd6
Ra3 53. Kb4 Ra4+ 54. Kc5 Rc4+ 55. Kb6 Rxc3 56. Rxc6 Rxc6+ 0-1

[Event "AUTO-ADV-3835"]
[Site "http://www.queenalice.com/game.php?id=1498818"]
[Date "2017.10.13"]
[Round "2"]
[White "juany"]
[Black "akleetch"]
[Result "1-0"]
[WhiteElo "1760"]
[BlackElo "1927"]

1. e4 e5 2. Nf3 Nc6 3. Bc4 Nd4 4. Nxe5 Qg5 5. Bxf7+ Ke7 6. Qh5 Qxh5 7. Bxh5
Nxc2+ 8. Kd1 Nxa1 9. Nf7 g6 10. Bxg6 hxg6 11. Nxh8 Kf6 12. b3 Bg7 13. Bb2+ Kg5
14. Bxg7 1-0

[Event "AUTO-ADV-3835"]
[Site "http://www.queenalice.com/game.php?id=1498819"]
[Date "2017.10.13"]
[Round "2"]
[White "akleetch"]
[Black "juany"]
[Result "0-1"]
[WhiteElo "1937"]
[BlackElo "1800"]

1. e4 c5 2. Bc4 Nc6 3. c3 Nf6 4. d3 e6 5. Bg5 h6 6. Bh4 Be7 7. Bg3 O-O 8. a3 a6
9. h3 Re8 10. Nf3 d5 11. exd5 exd5 12. Bb3 Bd6+ 13. Kf1 Bxg3 14. fxg3 Ne5 15. g4
Qb6 16. Ra2 Bd7 17. Nxe5 Rxe5 18. Nd2 Rae8 19. Nf3 Re3 20. Bc2 Bb5 21. a4 Bc6
22. d4 cxd4 23. cxd4 Qb4 24. b3 a5 25. Ne5 Qc3 26. h4 Nxg4 27. Qxg4 Qe1# 0-1

[Event "Challenge"]
[Site "http://www.queenalice.com/game.php?id=1499701"]
[Date "2017.10.21"]
[Round "-"]
[White "MADMIKE"]
[Black "juany"]
[Result "0-1"]
[WhiteElo "1813"]
[BlackElo "1741"]

1. d4 d5 2. Nc3 e6 3. a3 c5 4. e3 a6 5. Nf3 Nc6 6. Be2 Nf6 7. h3 Bd6 8. O-O Qc7
9. Re1 O-O 10. Bd2 Ne4 11. Nxe4 dxe4 12. Ne5 Nxe5 13. dxe5 Bxe5 14. c3 b5 15. f4
exf3 16. Bxf3 Bb7 17. Bxb7 Qxb7 18. e4 Rad8 19. Qe2 Rd6 20. Rad1 Rfd8 21. Be3
Qxe4 22. Qf2 Rxd1 23. b3 Bxc3 0-1

[Event "Challenge"]
[Site "http://www.queenalice.com/game.php?id=1499702"]
[Date "2017.10.21"]
[Round "-"]
[White "juany"]
[Black "MADMIKE"]
[Result "1-0"]
[WhiteElo "1783"]
[BlackElo "1813"]

1. e4 e5 2. Nf3 d6 3. Bc4 h6 4. Nc3 Nf6 5. h3 Be7 6. d3 a6 7. O-O Nc6 8. Nh2 Nd4
9. f4 exf4 10. Bxf4 c6 11. e5 dxe5 12. Bxe5 O-O 13. Bxd4 b5 14. Bxf6 Bxf6 15.
Bb3 a5 16. a4 b4 17. Ne4 Bxb2 18. Rb1 Bd4+ 19. Kh1 Qh4 20. Nf3 Qd8 21. Nxd4 Qxd4
22. Qh5 Be6 23. Bxe6 fxe6 24. Qg6 Rf5 25. Qxe6+ Kh8 26. Rxf5 Rg8 27. Rh5 Qe3 28.
Ng5 Qb6 29. Rxh6+ 1-0